Něžná fata morgána

Bibliographic Details
Main Author: Dán, Dominik, 1955- (Author)
Other Authors: Šmatlák, Josef, 1950- (Translator)
Format: Book
Language:Czech
Slovak
PhysicalDescription:286 strán 22 cm
Published: V Praze Slovart 2022
ISBN:9788027604890
Subjects:

MARC

LEADER 00000cam a2200000 4500
001 vtls012139936
003 SK-MaSNL
005 20260301191841.0
008 220617s2022 xr g 010 f cze
015 |a SNBZSA2024/11 
020 |a 9788027604890  |q (viazané) 
040 |a SNK  |b slo  |c SNK  |e rda 
041 1 |a cze  |h slo 
044 |a xr  |c CZ 
072 7 |a 821.162.4-3  |x Slovenská próza  |2 konspekt 
080 |a 821.162.4-31  |2 2011 
080 |a (0:82-312.4)  |2 2011 
100 1 |a Dán, Dominik,  |d 1955-  |4 aut  |9 92276 
240 1 0 |a Nežná fatamorgána  |l Česky 
245 1 0 |a Něžná fata morgána  |c Dominik Dán 
264 1 |a V Praze  |b Slovart  |c 2022 
300 |a 286 strán  |c 22 cm 
336 |a text  |b txt  |2 rdacontent 
337 |a bez média  |b n  |2 rdamedia 
338 |a zväzok  |b nc  |2 rdacarrier 
500 |a Zo slovenčiny preložil Josef Šmatlák 
655 7 |a slovenské romány  |2 SNKPH  |9 70324 
655 7 |a detektívne romány  |2 SNKPH  |9 70455 
655 7 |a Slovak fiction  |2 SNKPHeng  |9 277096 
655 7 |a Detective novels  |2 SNKPHeng  |9 121444 
700 1 |a Šmatlák, Josef,  |d 1950-  |4 trl  |9 338508 
787 0 8 |i Ze série:  |t Případy Richarda Krauze  |g 22 
852 |a Slovenská národná knižnica 
919 |a 978-80-276-0489-0 
954 |a beletria pôvodná (slovenská)  |2 lita 
958 |a ZS 
958 |a LX 
958 |a UP 
999 |c 872451  |d 874381 
952 |a SNK  |b SNK  |y PREZ  |7 0  |p 17A1544252  |o snkSC 207986  |i snk2024/13592  |8 4  |g 13.12  |0 0  |1 0  |4 0  |d 2022-06-17  |l 0  |r 2025-10-31 00:00:00  |w 2026-02-24